<The> economics of post-communist transition

Salvato in:
Dettagli Bibliografici
Autore principale: Blanchard, Olivier
Natura: Libro
Lingua:inglese
Pubblicazione: New York Oxford University Press /Clarendon Press 2004
Serie:Clarendon lectures in economics
Soggetti:
Tags: Aggiungi Tag
Nessun Tag, puoi essere il primo ad aggiungerne!!

MARC

LEADER 00000nam a2200000 4500
001 0226738
005 20240306135201.3
020 |a 0-19-829399-2 
041 0 |a eng 
044 |a US 
245 1 0 |a <The> economics of post-communist transition  |c Olivier Blanchard 
264 1 |a New York  |b Oxford University Press /Clarendon Press  |c 2004 
300 |a 149 s. 
490 1 |a Clarendon lectures in economics 
830 0 |a Clarendon lectures in economics 
610 2 0 |a politika hospodárska 
610 2 0 |a krajiny tranzitívne 
610 2 0 |a vývoj hospodársky 
610 2 0 |a modelovanie ekonometrické 
610 2 0 |a stredná Európa 
610 2 0 |a východná Európa 
100 1 |a Blanchard, Olivier